| 000 | 00569 a2200169 4500 | ||
|---|---|---|---|
| 040 | _aULA-LD-MS | ||
| 082 |
_b043.2 658.3/JOS/I _m3 |
||
| 100 |
_91067 _aJOSÉ, Baptista |
||
| 245 |
_aInfluência da vida pessoal nas relações de trabalho _bEstudo de caso empresa nacional de distribuição de energia - Empresa pública (ENDE - EP) |
||
| 250 | _a1ª edição | ||
| 260 |
_bUniversidade Lusa̕da de Angola _cLuanda, 2018 _aLuanda - Angola |
||
| 300 | _a79p. | ||
| 600 | 0 | _aJOSÉ, Baptista | |
| 650 | _aRecursos Humanos | ||
| 700 | _aBaptista José | ||
| 942 | _cTFC | ||
| 999 |
_c2244 _d2244 |
||